| 000 | 00805nam a2200265 i 4500 | ||
|---|---|---|---|
| 001 | bg | ||
| 245 | 0 | 0 |
_aMiędzynarodowe stosunki polityczne / _cred. nauk. Marek Pietraś. |
| 260 |
_aLublin : _bWydawnictwo Uniwersytetu Marii Curie-Skłodowskiej, _c2006. |
||
| 300 |
_a659 s. : _bil. ; _c24 cm. |
||
| 504 | _aBibliogr. przy rozdz. | ||
| 650 | 9 | _aPolityka międzynarodowa | |
| 655 | _aPodręczniki akademickie | ||
| 700 | 1 |
_aPietraś, Marek. _eRed. |
|
| 015 | _aPB 1113/2007 | ||
| 020 | _a8322725795 | ||
| 040 | _cBPK | ||
| 041 | _apol | ||
| 044 | _aPOL | ||
| 080 | _a327 | ||
| 080 | _a(075.8) | ||
| 920 | _a83-227-2579-5 | ||
| 942 | _cKS | ||
| 008 | 061003s2006 pl a |000 0 pol c | ||
| 999 |
_c54705 _d54705 |
||
| 856 |
_uhttp://koha.tu.koszalin.pl/cgi-bin/koha/opac-detail.pl?biblionumber=54705 _yKatalog online BPK |
||